| 000 | 00657nam a2200229Ia 4500 | ||
|---|---|---|---|
| 999 |
_c45729 _d45729 |
||
| 001 | 12556 | ||
| 003 | GE_BSU | ||
| 005 | 20240826114641.0 | ||
| 008 | 181216s2013||||enk|||||||||||||| ||eng|| | ||
| 020 | _a9780415672504x | ||
| 040 | _cGE_BSU | ||
| 041 | _aeng | ||
| 080 | _a658 M-86 | ||
| 100 |
_aMorrison, Alastair M. _923116 |
||
| 245 |
_aMarketing and Managing Tourism Destinations / _cAlastair M. Morrison. |
||
| 264 |
_aLondon : _bRoutledge, _c2013. |
||
| 300 |
_a596 p.; _bill.; _c24 cm. |
||
| 541 | _h126Gel. | ||
| 653 | _aმარკეტინგი და მენეჯმენტი | ||
| 653 | _aტურიზმი | ||
| 942 |
_cBK _2udc |
||